000 00708cab a2200253 4500
001 ABS45385
008 090401t1991 xxu||||| |||| 00| 0 eng d
035 _a(Sirsi) u52636
041 _aeng
100 _aCooper, P.
245 _aStewart Milne up on timber frame
260 _c1991
350 _a0
490 _aBuilding
_v256(7720) 8 November 1991, 15(1)
520 _aProfiles Scottish timber frame housebuilder Stewart Milne Group. Includes company fact file.
650 _aHOUSE BUILDERS
650 _aPREFABRICATED HOUSING
650 _aSCOTLAND
650 _aSTEWART MILNE GROUP
650 _aTIMBER-FRAME HOUSES
690 _aBUILT ENVIRONMENT
942 _n0
948 _c04/03/1997
999 _c32548
_d32548